Kreativita - rozhodující předpoklad úspěchu

Kreativita je kľúčom k úspechu v tvrdom konkurenčnom boji. Názory odborníkov na kreativitu a otázku mystéria tvorivého ducha. Konkurenčná výhoda kreativity. Kreatívne firmy - napr. IBM. Spoločnosť koncernu Daimler-Benz. Podpora tzv. divergentného myslenia v kreatívnych laboratóriách renomovaných fir...

ver descrição completa

Na minha lista:
Detalhes bibliográficos
Formato: Capítulo de Livro
Idioma:tcheco
Assuntos:
Tags: Adicionar Tag
Sem tags, seja o primeiro a adicionar uma tag!

MARC

LEADER 00000naa a2200000 4500
001 r026653
005 20230922084511.4
041 0 |a cze 
044 |a CZ 
245 1 0 |a Kreativita - rozhodující předpoklad úspěchu 
520 |a Kreativita je kľúčom k úspechu v tvrdom konkurenčnom boji. Názory odborníkov na kreativitu a otázku mystéria tvorivého ducha. Konkurenčná výhoda kreativity. Kreatívne firmy - napr. IBM. Spoločnosť koncernu Daimler-Benz. Podpora tzv. divergentného myslenia v kreatívnych laboratóriách renomovaných firiem. 
610 2 0 |a kreativita 
610 2 0 |a úspech pracovný 
610 2 0 |a výhody konkurenčné 
610 2 0 |a IBM 
610 2 0 |a Daimler-Benz